[Event "London Menchik Memorial Blitz op"]
[Site "London"]
[Date "2024.09.01"]
[Round "5"]
[White "Mozaffari, Mohammad Hossein"]
[Black "Badacsonyi, Stanley Ethan Artie"]
[Result "0-1"]
[WhiteElo "1854"]
[BlackElo "2332"]
[PlyCount "52"]
[EventDate "2024.09.01"]
[EventType "swiss (blitz)"]
[EventRounds "9"]
[EventCountry "ENG"]
[SourceTitle "CBM 221 Extra"]
[Source "ChessBase"]
[SourceDate "2024.09.30"]
[SourceVersion "1"]
[SourceVersionDate "2024.09.30"]
[SourceQuality "1"]

1. e4 e6 2. d4 d5 3. e5 c5 4. c3 Nc6 5. Nf3 Bd7 6. Be2 Nge7 7. a3 cxd4 8. cxd4 Nf5 9. Nc3 Qb6 10. Be3 Rc8 11. 0-0 Na5 12. Rb1 Nc4 13. Nd2 Ncxe3 14. fxe3 Nxe3 15. Qe1 Nxf1 16. Qxf1 Qxd4+ 17. Kh1 Qxd2 18. Bf3 Be7 19. h3 Bc6 20. Nd1 Qg5 21. Nf2 Qxe5 22. Nd3 Qg5 23. Bg4 0-0 24. Re1 Bb5 25. Qf3 Bxd3 26. Qxd3 Rc1 0-1

[Event "London Menchik Memorial Blitz op"]
[Site "London"]
[Date "2024.09.01"]
[Round "6"]
[White "Sagues, Vincent"]
[Black "Mozaffari, Mohammad Hossein"]
[Result "1-0"]
[WhiteElo "1892"]
[BlackElo "1854"]
[PlyCount "67"]
[EventDate "2024.09.01"]
[EventType "swiss (blitz)"]
[EventRounds "9"]
[EventCountry "ENG"]
[SourceTitle "CBM 221 Extra"]
[Source "ChessBase"]
[SourceDate "2024.09.30"]
[SourceVersion "1"]
[SourceVersionDate "2024.09.30"]
[SourceQuality "1"]

1. e4 e5 2. Nf3 Nc6 3. Bb5 Nf6 4. d3 Bc5 5. 0-0 d6 6. c3 Bd7 7. Re1 Bb6 8. Nbd2 h6 9. Nc4 g5 10. Nxb6 axb6 11. d4 Qe7 12. dxe5 dxe5 13. a4 Rg8 14. b3 Kf8 15. Ba3 Rd8 16. Bxe7+ Kxe7 17. Qc2 Nh5 18. Rad1 f6 19. Rd2 Nf4 20. Red1 h5 21. Bxc6 bxc6 22. b4 h4 23. a5 bxa5 24. bxa5 h3 25. g3 Ne6 26. a6 Nc5 27. a7 Ra8 28. Qa2 Bg4 29. Qa3 Bxf3 30. Qxc5+ Kf7 31. Rd7+ Kg6 32. Qe7 Rh8 33. Qf7+ Kh6 34. Qxf6+ 1-0

[Event "London Menchik Memorial Blitz op 1st"]
[Site "London"]
[Date "2024.08.31"]
[Round "7"]
[White "Czopor, Maciej"]
[Black "Mozaffari, Mohammad Hossein"]
[Result "1-0"]
[WhiteElo "2324"]
[BlackElo "1884"]
[PlyCount "61"]
[EventDate "2024.08.31"]
[EventType "swiss (blitz)"]
[EventRounds "9"]
[EventCountry "ENG"]
[SourceTitle "EXT 2025"]
[Source "ChessBase"]
[SourceDate "2024.10.14"]
[SourceVersion "1"]
[SourceVersionDate "2024.10.14"]
[SourceQuality "1"]

1. c4 g6 2. d4 Bg7 3. Nc3 Nf6 4. e4 0-0 5. Be2 c5 6. d5 a6 7. e5 Ne8 8. f4 b5 9. Nf3 d6 10. 0-0 Qb6 11. Kh1 Nc7 12. Qe1 bxc4 13. Qh4 Re8 14. Ng5 h6 15. Nxf7 Kxf7 16. e6+ Nxe6 17. dxe6+ Bxe6 18. f5 gxf5 19. Bh5+ Kf8 20. Bxe8 Kxe8 21. Bxh6 Bf6 22. Bg5 Bxg5 23. Qxg5 Nc6 24. Rae1 Nd4 25. Nd5 Qb7 26. Rxe6 Nxe6 27. Qxf5 Nd4 28. Qf8+ Kd7 29. Qxa8 Qxb2 30. Qa7+ Ke6 31. Nf4+ 1-0

[Event "London Menchik Memorial Blitz op 1st"]
[Site "London"]
[Date "2024.08.31"]
[Round "2"]
[White "Fortunato, Bartolomeo"]
[Black "Mozaffari, Mohammad Hossein"]
[Result "0-1"]
[WhiteElo "1633"]
[BlackElo "1884"]
[PlyCount "95"]
[EventDate "2024.08.31"]
[EventType "swiss (blitz)"]
[EventRounds "9"]
[EventCountry "ENG"]
[SourceTitle "EXT 2025"]
[Source "ChessBase"]
[SourceDate "2024.10.14"]
[SourceVersion "1"]
[SourceVersionDate "2024.10.14"]
[SourceQuality "1"]

1. e4 e5 2. Nf3 Nc6 3. d4 exd4 4. Nxd4 Nf6 5. Nc3 Bb4 6. Nxc6 bxc6 7. Bd3 Bc5 8. 0-0 d6 9. Bg5 h6 10. Bh4 0-0 11. Na4 Bd4 12. c3 Bb6 13. Nxb6 axb6 14. Qf3 g5 15. Bg3 Bg4 16. Qe3 Bh5 17. f4 g4 18. e5 Nd5 19. Qe4 Bg6 20. f5 Bh7 21. Qxg4+ Qg5 22. Qxg5+ hxg5 23. c4 Nb4 24. Bb1 Rad8 25. exd6 cxd6 26. a3 Na6 27. b4 Nc7 28. Be4 d5 29. cxd5 Nxd5 30. Bxd5 Rxd5 31. f6 Bg6 32. Rac1 Rc8 33. Bf2 b5 34. Bc5 Bd3 35. Rfd1 Rcd8 36. Rc3 Bc4 37. Rxd5 Rxd5 38. h3 Rd1+ 39. Kh2 Kh7 40. Rg3 Kg6 41. Be7 Ra1 42. h4 g4 43. Rxg4+ Kh5 44. Rg3 Kxh4 45. Rg7 Ra2 46. Rxf7 Bxf7 47. Kg1 Bd5 48. Bd6 0-1

[Event "London Menchik Memorial Blitz op 1st"]
[Site "London"]
[Date "2024.08.31"]
[Round "6"]
[White "Mozaffari, Mohammad Hossein"]
[Black "Banerjee, Supratit"]
[Result "1-0"]
[WhiteElo "1884"]
[BlackElo "2169"]
[PlyCount "155"]
[EventDate "2024.08.31"]
[EventType "swiss (blitz)"]
[EventRounds "9"]
[EventCountry "ENG"]
[SourceTitle "EXT 2025"]
[Source "ChessBase"]
[SourceDate "2024.10.14"]
[SourceVersion "1"]
[SourceVersionDate "2024.10.14"]
[SourceQuality "1"]

1. e4 e6 2. d4 d5 3. e5 c5 4. c3 Nc6 5. Nf3 Qb6 6. a3 Bd7 7. Be2 cxd4 8. cxd4 Nge7 9. Nc3 Nf5 10. Be3 Be7 11. 0-0 0-0 12. h3 Rac8 13. Qd3 Na5 14. Rab1 Nc4 15. Nd2 Ncxe3 16. fxe3 f6 17. exf6 Bxf6 18. b4 Ng3 19. Rfe1 Nf5 20. Nb3 Qc7 21. Nc5 b6 22. Nxd7 Qxd7 23. Rbc1 Bg5 24. Bg4 Qd6 25. Bxf5 exf5 26. Qb5 Rfd8 27. Qd3 Qg3 28. Qe2 Bf6 29. Nxd5 Rxd5 30. Rxc8+ Kf7 31. Rec1 Kg6 32. Qf3 Qxf3 33. gxf3 f4 34. e4 Rxd4 35. R8c6 Kg5 36. Kf2 Rd2+ 37. Ke1 Rh2 38. Rc7 Kh4 39. Rxa7 Kg3 40. a4 Kxf3 41. a5 Ke3 42. Kd1 Kd3 43. Rd7+ Bd4 44. Rxd4+ Kxd4 45. axb6 Kd3 46. Ke1 Ke3 47. Kd1 f3 48. Rc3+ Kxe4 49. b7 f2 50. Rc4+ Ke3 51. Rc3+ Ke4 52. Rc4+ Kf5 53. Rc5+ Kg6 54. Ke2 f1Q+ 55. Kxf1 Rxh3 56. b8Q Rf3+ 57. Ke2 Rf6 58. b5 h5 59. Rc6 Rxc6 60. bxc6 h4 61. c7 h3 62. c8R h2 63. Qxh2 Kf7 64. Rc7+ Kg6 65. Qg3+ Kf5 66. Qxg7 Ke6 67. Re7+ Kd5 68. Qe5+ Kc4 69. Rc7+ Kb3 70. Qc3+ Ka4 71. Ra7+ Kb5 72. Qc7 Kb4 73. Ra5 Kb3 74. Qc5 Kb2 75. Ra3 Kb1 76. Rb3+ Ka2 77. Qc4 Ka1 78. Qa4# 1-0

[Event "London Menchik Memorial Blitz op 1st"]
[Site "London"]
[Date "2024.08.31"]
[Round "8"]
[White "Mozaffari, Mohammad Hossein"]
[Black "Bijeljic, Branko"]
[Result "0-1"]
[WhiteElo "1884"]
[BlackElo "1959"]
[PlyCount "126"]
[EventDate "2024.08.31"]
[EventType "swiss (blitz)"]
[EventRounds "9"]
[EventCountry "ENG"]
[SourceTitle "EXT 2025"]
[Source "ChessBase"]
[SourceDate "2024.10.14"]
[SourceVersion "1"]
[SourceVersionDate "2024.10.14"]
[SourceQuality "1"]

1. e4 c5 2. Nf3 d6 3. d4 cxd4 4. Nxd4 Nf6 5. Nc3 a6 6. a4 e5 7. Nb3 Be6 8. Be2 Be7 9. Be3 0-0 10. 0-0 Nbd7 11. a5 Rc8 12. h3 Qc7 13. Qd2 Rfd8 14. Rfd1 Bxb3 15. cxb3 Nc5 16. Bxc5 dxc5 17. Qe3 Rd4 18. f3 Rcd8 19. Bc4 h6 20. Nd5 Nxd5 21. Bxd5 Bg5 22. Qf2 Qe7 23. Qg3 Kh8 24. Qg4 Qf6 25. Qh5 g6 26. Qg4 h5 27. Qg3 Bh4 28. Qh2 Qg5 29. Kh1 Bf2 30. Rxd4 cxd4 31. Rf1 Bg3 32. Qg1 Kg7 33. Rc1 Qd2 34. Rc7 Rf8 35. Qc1 Qxa5 36. Rxb7 d3 37. b4 Qa4 38. b3 Qa2 39. Bc4 d2 40. Qd1 Rd8 41. Rxf7+ Kh8 42. Ra7 Qb1 43. Be2 Qxd1+ 44. Bxd1 Rc8 45. Rd7 Be1 46. Rd5 Rc1 47. Be2 Kg7 48. g4 h4 49. Kg2 Rc2 50. Kf1 Bg3 51. Bd1 Ra2 52. Ke2 Bf4 53. Rd7+ Kf6 54. Rd6+ Kf7 55. Rd5 Rb2 56. b5 axb5 57. Rxb5 Ra2 58. Rb7+ Ke6 59. Rb6+ Kf7 60. Kd3 Ra1 61. Kc2 Rc1+ 62. Kb2 Rxd1 63. Rd6 Rc1 0-1

[Event "London Menchik Memorial Blitz op 1st"]
[Site "London"]
[Date "2024.08.31"]
[Round "4"]
[White "Patel, Zain"]
[Black "Mozaffari, Mohammad Hossein"]
[Result "0-1"]
[WhiteElo "1996"]
[BlackElo "1884"]
[PlyCount "116"]
[EventDate "2024.08.31"]
[EventType "swiss (blitz)"]
[EventRounds "9"]
[EventCountry "ENG"]
[SourceTitle "EXT 2025"]
[Source "ChessBase"]
[SourceDate "2024.10.14"]
[SourceVersion "1"]
[SourceVersionDate "2024.10.14"]
[SourceQuality "1"]

1. f4 g6 2. Nf3 Bg7 3. e3 Nf6 4. d4 d6 5. Bd3 Nbd7 6. 0-0 0-0 7. e4 Re8 8. e5 Nd5 9. Bc4 N5b6 10. Bxf7+ Kh8 11. Bxe8 Qxe8 12. exd6 exd6 13. Re1 Qf8 14. Qe2 Nf6 15. Qe7 Bg4 16. Qxf8+ Rxf8 17. Ng5 Nfd5 18. c3 h6 19. h3 hxg5 20. hxg4 gxf4 21. Nd2 Ne3 22. Rb1 Nbd5 23. Nf3 Nxg4 24. Bd2 Nde3 25. Bxe3 Nxe3 26. Re2 Bf6 27. Rbe1 g5 28. Nh2 Kg7 29. Nf1 Nf5 30. Nd2 Ng3 31. Rf2 Rh8 32. Rf3 Rh1+ 33. Kf2 Rh2 34. Ne4 Nf5 35. Rh3 Rxh3 36. gxh3 Ne3 37. Nxf6 Kxf6 38. Kf3 Kf5 39. Rh1 a5 40. b3 Nd5 41. c4 Nb4 42. a3 Nc2 43. a4 Nxd4+ 44. Kf2 Nxb3 45. Rb1 Nc5 46. Kf3 b6 47. Ra1 Nb3 48. Ra3 Nd2+ 49. Kf2 Nxc4 50. Rc3 d5 51. Rd3 Ke4 52. Ke2 Nb2 53. Rc3 c5 54. Ra3 Nc4 55. Rb3 d4 56. Rb1 d3+ 57. Kf2 Kd4 58. Kf3 Nd2+ 0-1

[Event "London Menchik Memorial Blitz op 1st"]
[Site "London"]
[Date "2024.08.31"]
[Round "5"]
[White "Zakarian, Dimitrios Levon"]
[Black "Mozaffari, Mohammad Hossein"]
[Result "1-0"]
[WhiteElo "1933"]
[BlackElo "1884"]
[PlyCount "119"]
[EventDate "2024.08.31"]
[EventType "swiss (blitz)"]
[EventRounds "9"]
[EventCountry "ENG"]
[SourceTitle "EXT 2025"]
[Source "ChessBase"]
[SourceDate "2024.10.14"]
[SourceVersion "1"]
[SourceVersionDate "2024.10.14"]
[SourceQuality "1"]

1. d4 Nf6 2. c4 c5 3. d5 b5 4. cxb5 a6 5. e3 d6 6. Nc3 g6 7. a4 Bg7 8. Ra3 0-0 9. Nf3 Qa5 10. Bd2 Bb7 11. e4 Nbd7 12. Be2 Rfb8 13. 0-0 Qd8 14. Qc2 Ne8 15. Rb1 axb5 16. Nxb5 Ba6 17. Bc3 Nc7 18. Bxg7 Kxg7 19. Nxc7 Qxc7 20. Bxa6 Rxa6 21. b4 Qb6 22. b5 Ra5 23. Nd2 Qd8 24. Nc4 Raa8 25. Raa1 Nf6 26. a5 Qc7 27. a6 Nd7 28. Qc3+ Kg8 29. Na5 Nb6 30. Nc6 Re8 31. Ra3 h5 32. Rba1 e6 33. dxe6 Rxe6 34. f3 h4 35. h3 Nd7 36. a7 Nb6 37. Ra6 Ree8 38. Qa5 Qd7 39. Rxb6 d5 40. exd5 Qxd5 41. Rb8 c4 42. Rxe8+ Rxe8 43. a8Q Rxa8 44. Qxa8+ Kg7 45. Qb8 Qd7 46. Qe5+ Kh7 47. Ra7 Qf5 48. Qxf5 gxf5 49. b6 c3 50. Ra2 c2 51. Rxc2 f4 52. b7 Kg6 53. b8Q Kf6 54. Qd6+ Kg7 55. Qe5+ f6 56. Qf5 Kh6 57. Qxf6+ Kh7 58. Qg5 Kh8 59. Nd4 Kh7 60. Rc7+ 1-0